• 首页
  • 本馆介绍
  • 公告通知
  • 最新文献
  • 馆藏检索
  • 电子资源
  • 读者导购
  • 参考咨询
  • 我的图书馆
  • 登录
  • 详细信息显示
  • 放入我的书架
  • 预约/预借图书
  • 作者相关作品
  • 分类相关作品
  • 丛书相关作品
  • 出版社相关作品

书目信息

  • 表格格式
  • 工作单格式
  • 卡片格式
题名:
酒和熟化的化学
    
 
作者: 北条正司 , 能勢晶 著 ;赵惠民 , 汪海东 , 冯德明 编译
分册:  
出版信息: 大连   大连理工大学出版社  2011
页数: 168页
开本: 21cm
丛书名:
单 册:
中图分类: TS261.4
科图分类:
主题词: 酿酒--生产工艺--日文
电子资源:
ISBN: 978-7-5611-5999-6
000 01063nam0 22003011 45
001 1356793484
005 20130514160224.12
010    @a978-7-5611-5999-6@dCNY25.00
100    @a20130108d2011 em y0chiy50 ea
101 1  @achi@cjpn
102    @aCN@b210000
105    @ay z 000yy
106    @ar
200 1  @a酒和熟化的化学@AJiu He Shou Hua De Hua Xue@f(日)北条正司,(日)能勢晶著@F( Ri ) Bei Tiao Zheng Si, ( Ri ) Neng勢 Jing Zhu@g赵惠民[等]编译
210    @a大连@c大连理工大学出版社@d2011
215    @a168页@c图@d21cm
304    @a其他译者:汪海东,冯德明,陆筑凤
320    @a有书目 (第151-158页) 和索引
330    @a本书主要内容包括:序言、甘甜的水、水的成分、酒的熟化与乙醇水溶液等。
606 0  @a酿酒@x生产工艺@x日文
690    @aTS261.4@v5
701  0 @c(日)@a北条正司@ABei Tiao Zheng Si@4著
701  0 @c(日)@a能勢晶@ANeng勢 Jing@4著
702  0 @a赵惠民@AZhao Hui Min@4编译
702  0 @a汪海东@AWang Hai Dong@4编译
702  0 @a冯德明@AFeng De Ming@4编译
801    @aCN@bTANGWEI@c20130108
905    @b0829451-55@dTS261.4@e161@f5
    
    酒和熟化的化学/(日)北条正司,(日)能勢晶著/赵惠民[等]编译.-大连:大连理工大学出版社,2011
    168页:图;21cm
    
    
    ISBN 978-7-5611-5999-6:CNY25.00
    本书主要内容包括:序言、甘甜的水、水的成分、酒的熟化与乙醇水溶液等。
●
相关链接 在E读中查询图书 在五车中查询图书 在当当中查询图书 在豆瓣中查询图书


正题名:酒和熟化的化学     索取号:TS261.4/161         预约/预借

序号 登录号 条形码 馆藏地/架位号 状态 备注
1 0829451   208294512   第二样本阅览室/ [索取号:TS261.4/161] 在馆    
2 0829452   208294521   第三借阅区/ [索取号:TS261.4/161] 在馆    
3 0829453   208294530   第三借阅区/ [索取号:TS261.4/161] 在馆    
4 0829454   208294549   第三借阅区/ [索取号:TS261.4/161] 在馆    
5 0829455   208294558   第三借阅区/ [索取号:TS261.4/161] 在馆    
唐山师范学院图书馆 欢迎您!
大连网信软件有限公司© 版权所有